José María Sert (Record no. 42230)
[ view plain ]
| 000 -LEADER | |
|---|---|
| campo de control de longitud fija | 00578nam a2200157 i 4500 |
| 001 - NÚMERO DE CONTROL | |
| campo de control | 42230 |
| 003 - IDENTIFICADOR DE NÚMERO DE CONTROL | |
| campo de control | ES-MaACL |
| 007 - CAMPO FIJO DE DESCRIPCIÓN FÍSICA--INFORMACIÓN GENERAL | |
| campo de control de longitud fija | t| |
| 008 - DATOS DE LONGITUD FIJA--INFORMACIÓN GENERAL | |
| campo de control de longitud fija | 030313s1947 sp ||||1| spa d |
| 100 1# - ENTRADA PRINCIPAL--NOMBRE DE PERSONA | |
| Nombre de persona | Castillo, Alberto del. |
| 9 (RLIN) | 36670 |
| 245 10 - MENCIÓN DEL TÍTULO | |
| Título | José María Sert |
| Resto del título | : su vida y su obra / |
| Mención de responsabilidad, etc. | por Alberto del Castillo ; con la colaboración de A. Cirici Pellicer. |
| 260 ## - PUBLICACIÓN, DISTRIBUCIÓN, ETC. | |
| Lugar de publicación, distribución, etc. | Barcelona, etc. : |
| Nombre del editor, distribuidor, etc. | Argos, |
| Fecha de publicación, distribución, etc. | 1947 ( |
| Fabricante | Gráf. de la Sociedad General de Publicaciones) |
| 300 ## - DESCRIPCIÓN FÍSICA | |
| Extensión | 351 p., 231 lám. : |
| Otras características físicas | il. ; |
| Dimensiones | 34 cm. |
| 700 1# - ENTRADA AGREGADA--NOMBRE PERSONAL | |
| Nombre de persona | Cirici, Alexandre. |
| 9 (RLIN) | 38890 |
| 852 ## - LOCALIZACIÓN | |
| Ubicación | ES-MaACL |
| Número de control de estantería | B-5918 |
| Sublocalización o colección | R.25180 |
| Estatus retirado | Estado de pérdida | Estado de daño | No para préstamo | Biblioteca de origen | Biblioteca actual | Ubicación en estantería | Fecha de adquisición | Fuente de adquisición | Total de préstamos | Signatura topográfica completa | Código de barras | Visto por última vez | Precio de reemplazo | Tipo de ítem Koha |
|---|---|---|---|---|---|---|---|---|---|---|---|---|---|---|
| Biblioteca del Ateneo de Madrid | Biblioteca del Ateneo de Madrid | Sala Pardo Bazán | 17/01/2008 | B-5918 | 1044445 | 23/02/2023 | 23/02/2023 | Libro impreso |
